<?xml version="1.0" encoding="UTF-8"?>
<collection xmlns="http://www.loc.gov/MARC21/slim">
 <record>
  <leader>08716nam a2200421 a 4500</leader>
  <controlfield tag="001">kal1909</controlfield>
  <controlfield tag="003">Gr-AtHEAL</controlfield>
  <controlfield tag="005">20160422130836.0</controlfield>
  <controlfield tag="006">m        d        </controlfield>
  <controlfield tag="008">160413s2015    gr      s           gre|c</controlfield>
  <datafield tag="020" ind1=" " ind2=" ">
   <subfield code="a">9789606030581</subfield>
  </datafield>
  <datafield tag="040" ind1=" " ind2=" ">
   <subfield code="a">GR-AtHEAL</subfield>
   <subfield code="b">gre</subfield>
   <subfield code="c">GR-AtHEAL</subfield>
  </datafield>
  <datafield tag="082" ind1="0" ind2="4">
   <subfield code="a">570</subfield>
   <subfield code="2">23</subfield>
  </datafield>
  <datafield tag="100" ind1="1" ind2=" ">
   <subfield code="a">Κωστόπουλος, Δημήτριος.</subfield>
   <subfield code="8">1114</subfield>
  </datafield>
  <datafield tag="245" ind1="1" ind2="2">
   <subfield code="a">Η εξέλιξη του έμβιου κόσμου: χορδωτά</subfield>
   <subfield code="h">[Ηλεκτρονικός πόρος] </subfield>
   <subfield code="b">Παλαιοντολογία σπονδυλωτών</subfield>
   <subfield code="c">Κωστόπουλος, Δημήτριος ; Κουφός, Γεώργιος ; Κριτικός αναγνώστης,Κούλη, Κατερίνα ; Γραφιστική επιμέλεια,Συλβέστρου, Ιωάννα ; Γραφιστική επιμέλεια,Μεταλληνός, Παναγιώτης.</subfield>
  </datafield>
  <datafield tag="260" ind1=" " ind2=" ">
   <subfield code="a">Αθήνα :</subfield>
   <subfield code="b">Σύνδεσμος Ελληνικών Ακαδημαϊκών Βιβλιοθηκών,</subfield>
   <subfield code="c">c2015.</subfield>
  </datafield>
  <datafield tag="490" ind1=" " ind2=" ">
   <subfield code="a">Ακαδημαϊκά Ηλεκτρονικά Συγγράμματα και Βοηθήματα Κάλλιπος</subfield>
   <subfield code="8">40</subfield>
  </datafield>
  <datafield tag="505" ind1="0" ind2=" ">
   <subfield code="a">Κεφάλαιο 1: Απολίθωμα &amp; Απολίθωση / Ιστορία της Παλαιοντολογίας, Ταφονομία, Παλαιοντολογική Ανασκαφή και Έρευνα, Ποιότητα Αρχείου ΑπολιθωμάτωνΚεφάλαιο 2: Απολίθωμα &amp; Εξέλιξη / Εξέλιξη, Βασικές Αρχές και Σύγχρονη Σύνθεση, η Έννοια του Είδους, Μακροεξέλιξη, Μαζικές Εξαφανίσεις Κεφάλαιο 3: Η Ταξινόμηση των Όντων - Η Λινναία Ταξινόμηση, Εξελικτική- Φαινετική - Φυλογενετική Συστηματική, Κλαδιστική και ΑπολιθώματαΚεφάλαιο 4: Η Ανάδυση των Χορδωτών / Η Μεγάλη Έκρηξη και η Έννοια του (Γεωλογικού) Χρόνου, το Προκάμβριο και η Εμφάνιση της Ζωής, οι πρώτοι Ευκαρυώτες και η άνοδος και η πτώση των Πανίδων της Εντιακάρα, η Έκρηξη του Καμβρίου και τα Πρώτα XορδωτάΚεφάλαιο 5: Οι Κυρίαρχοι των Υδάτων / Ο Παλαιοζωικός Αιώνας, Άγναθοι Ιχθύες, Πλακόδερμοι, Χονδριχθύες, Ακανθώδη, Οστεϊχθύες/ Ευτελειόστομοι,– τα Πρώτα Τετράποδα, Βατραχόμορφα και ΑμφίβιαΚεφάλαιο 6: Ο Αιώνας των Ερπετών / Η επανάσταση του αμνιωτικού αβγού και η Καταγωγή των Αμνιωτών, η Διαφοροποίηση των Αμνιωτών και η Μαζική Εξαφάνιση του Περμίου, ο Μεσοζωικός αιώνας και τα Διάψιδα ερπετάΚεφάλαιο 7: Απογείωση / Φτερά, Πτέρωμα, οι Τροοδοντίδες και οι Φυλογενετικές Σχέσεις των Πτηνών, Αρχαιοπτέρυγα η λιθογραφική, Θεωρίες Πτήσης, τα Πτηνά, η Μαζική Εξαφάνιση του Κρητιδικού,Κεφάλαιο 8: Γαλουχώντας Θηλαστικά / Συνάψιδα Ερπετά –Κυνοδόντια- Θηλαστικά, Ευθήρια και πρώιμα Πλακουντοφόρα, τα θηλαστικά του Παλαιοκαίνου, Κεφάλαιο 9: Ο Αιώνας των Θηλαστικών / Ο Καινοζωικός Αιώνας, Βασική Φυλογένεση Σύγχρονων Πλακουντοφόρων ΘηλαστικώνΚεφάλαιο 10: Ιδού ο Άνθρωπος - Προέλευση, Βασικές Ομάδες και Κύρια Φυλογένεση των Πρωτευόντων, μη Ανθρωπόμορφοι Πίθηκοι, Ανθρωπόμορφοι, τα Μειοκαινικά Ανθρωποειδή, Αυστραλοπίθηκοι και ΑνθρωποςΚεφάλαιο 11: το Ελληνικό Αρχείο Απολιθωμάτων Σπονδυλωτών / Παλαιογεωγραφική Εξέλιξη της Μεσογείου, το Ελληνικό Αρχείο των Ιχθύων, Αμφιβίων, Ερπετών και Πτηνών και Θηλαστικών, Βιοχρονολόγηση και Βιοζώνες Θηλαστικών, Συμβάντα Διασποράς Θηλαστικών, προσδιορισμός Χερσαίων Περιβαλλόντων με βάση τα Θηλαστικά.</subfield>
  </datafield>
  <datafield tag="520" ind1=" " ind2=" ">
   <subfield code="a">Το βιβλίο πραγματεύεται αντικείμενα Παλαιοντολογίας και ιδιαίτερα Παλαιοντολογίας Σπονδυλωτών, της Εξέλιξης της Ζωής σε σχέση με τις γεωτεκτονικές, κλιματικές και περιβαλλοντικές αλλαγές στον πλανήτη, Ιστορικής Γεωλογίας, Βιοστρωματογραφίας / Βιοχρονολογίας, Παλαιοοικολογίας, Φυλλογένεσης των μεγάλων ομάδων Χορδωτών, Παλαιοανθρωπολογίας, Γεω-Βιο-ποικιλότητας και Γεωλογικής Κληρονομιάς. Απευθύνεται πρωτίστως σε προπτυχιακούς και μεταπτυχιακούς φοιτητές που διδάσκονται θέματα Παλαιοντολογίας, Ιστορικής Γεωλογίας και Εξέλιξης με σκοπό την εξοικείωσή τους με αυτά τα επιστημονικά αντικείμενα και τους βασικούς τους επιστημονικούς προβληματισμούς. Επιπλέον το βιβλίο απευθύνεται και σε ένα ευρύτερο μη-εξειδικευμένο κοινό που ενδιαφέρεται για την Ιστορία της Ζωής, και τις σχέσεις Γεωλογίας-Βιολογίας και επιθυμεί να εμβαθύνει σε θέματα Ιστορικής Γεωλογίας αλλά και να γνωρίσει τον απολιθωματικό πλούτο της Ελλάδας.Το βιβλίο αναφέρεται - στην ιστορία, αρχές και μεθόδους της Παλαιοντολογίας,- στα συστήματα ταξινόμησης των έμβιων όντων, - στη συν-δημιουργία της Γής και της Ζωής,- στην εξέλιξη των βασικών ομάδων σπονδυλωτών οργανισμών (ιχθύες, αμφίβια, ερπετά, πτηνά, θηλαστικά) σε σχέση με το εκάστοτε γεωπεριβάλλον- στην εξέλιξη του ανθρώπου- στο αρχείο απολιθωμένων Σπονδυλωτών της Ελλάδας σε σχέση με την γεωτεκτονική εξέλιξη του ευρύτερου χώρου- στους τρόπους φύλαξης και ανάδειξης της Γεωλογικής Κληρονομιάς</subfield>
  </datafield>
  <datafield tag="650" ind1=" " ind2="0">
   <subfield code="a">Evolution (Biology) </subfield>
   <subfield code="8">2325</subfield>
  </datafield>
  <datafield tag="653" ind1=" " ind2=" ">
   <subfield code="a">Ελληνικό αρχείο απολιθωμάτων</subfield>
  </datafield>
  <datafield tag="653" ind1=" " ind2=" ">
   <subfield code="a">Γεω-Βιοποικιλότητα</subfield>
  </datafield>
  <datafield tag="653" ind1=" " ind2=" ">
   <subfield code="a">Χορδωτά</subfield>
  </datafield>
  <datafield tag="653" ind1=" " ind2=" ">
   <subfield code="a">Παλαιοοικολογία</subfield>
  </datafield>
  <datafield tag="653" ind1=" " ind2=" ">
   <subfield code="a">Εξέλιξη</subfield>
  </datafield>
  <datafield tag="653" ind1=" " ind2=" ">
   <subfield code="a">Παλαιοανθρωπολογία</subfield>
  </datafield>
  <datafield tag="653" ind1=" " ind2=" ">
   <subfield code="a">Παλαιοντολογία σπονδυλωτών</subfield>
  </datafield>
  <datafield tag="653" ind1=" " ind2=" ">
   <subfield code="a">Επιστήμες της γης</subfield>
  </datafield>
  <datafield tag="653" ind1=" " ind2=" ">
   <subfield code="a">Επιστήμες της ζωής</subfield>
   <subfield code="a">Λειτουργική και οργανισμική βιολογία</subfield>
   <subfield code="a">Ζωολογία/Βιολογία των ζώων</subfield>
  </datafield>
  <datafield tag="653" ind1=" " ind2=" ">
   <subfield code="a">Επιστήμες της ζωής</subfield>
  </datafield>
  <datafield tag="653" ind1=" " ind2=" ">
   <subfield code="a">Επιστήμες της γης</subfield>
   <subfield code="a">Παλαιοντολογία</subfield>
  </datafield>
  <datafield tag="700" ind1="1" ind2=" ">
   <subfield code="a">Κουφός, Γεώργιος</subfield>
   <subfield code="e">Συγγραφέας</subfield>
   <subfield code="8">1115</subfield>
  </datafield>
  <datafield tag="700" ind1="1" ind2=" ">
   <subfield code="a">Κούλη, Κατερίνα</subfield>
   <subfield code="e">Κριτικός αναγνώστης</subfield>
   <subfield code="8">1116</subfield>
  </datafield>
  <datafield tag="856" ind1="4" ind2="0">
   <subfield code="u">http://hdl.handle.net/11419/1909</subfield>
   <subfield code="z">Πλήρες Κείμενο - Full text</subfield>
  </datafield>
  <datafield tag="907" ind1=" " ind2=" ">
   <subfield code="a">.b25679387</subfield>
   <subfield code="b">12-06-18</subfield>
   <subfield code="c">29-07-16</subfield>
  </datafield>
  <datafield tag="949" ind1=" " ind2=" ">
   <subfield code="0">0</subfield>
   <subfield code="1">0</subfield>
   <subfield code="2">ddc</subfield>
   <subfield code="4">0</subfield>
   <subfield code="6">570_000000000000000_ΚΩΣ</subfield>
   <subfield code="7">0</subfield>
   <subfield code="8">KALL</subfield>
   <subfield code="8">697</subfield>
   <subfield code="d">2016-04-13</subfield>
   <subfield code="r">2016-04-13</subfield>
   <subfield code="w">2016-04-13</subfield>
   <subfield code="z">570 ΚΩΣ</subfield>
   <subfield code="o">SEAB KALLIPOS</subfield>
  </datafield>
  <datafield tag="998" ind1=" " ind2=" ">
   <subfield code="a">80</subfield>
   <subfield code="a">01</subfield>
   <subfield code="a">02</subfield>
   <subfield code="a">03</subfield>
   <subfield code="a">04</subfield>
   <subfield code="a">05</subfield>
   <subfield code="a">06</subfield>
   <subfield code="a">07</subfield>
   <subfield code="a">08</subfield>
   <subfield code="a">09</subfield>
   <subfield code="a">10</subfield>
   <subfield code="a">11</subfield>
   <subfield code="a">12</subfield>
   <subfield code="a">13</subfield>
   <subfield code="a">14</subfield>
   <subfield code="a">15</subfield>
   <subfield code="a">16</subfield>
   <subfield code="a">17</subfield>
   <subfield code="a">18</subfield>
   <subfield code="a">19</subfield>
   <subfield code="a">20</subfield>
   <subfield code="a">21</subfield>
   <subfield code="a">22</subfield>
   <subfield code="a">23</subfield>
   <subfield code="a">24</subfield>
   <subfield code="a">25</subfield>
   <subfield code="a">26</subfield>
   <subfield code="b">16-05-17</subfield>
   <subfield code="c">m</subfield>
   <subfield code="d">z  </subfield>
   <subfield code="e">-</subfield>
   <subfield code="f">gre</subfield>
   <subfield code="g">gr </subfield>
   <subfield code="h">2</subfield>
  </datafield>
  <datafield tag="942" ind1=" " ind2=" ">
   <subfield code="2">ddc</subfield>
   <subfield code="c">KALLIPOS</subfield>
  </datafield>
 </record>
</collection>
